000 00336cam a22001217a 4500
008 180718b1950 xxu||||| |||| 00| 0 eng d
082 _aC4 Sh23
100 _aSharma, Indra Datt
245 _aModern constitution at work
_cby Indra Datt Sharma
260 _aLucknow
_bBalkrishna Book
_c1950
300 _axx, 566p
650 _aConstitutions
999 _c423875
_d423875